000 00668nam a2200205Ia 4500
020 _a3540301461 (English ed. : pbk.)
020 _a9783540301462 (English ed. : pbk.)
020 _a3827411718 (German 6th ed.)
020 _a9783827411716 (German 6th ed.)
040 _cDAY
082 _a612 SPR 2006 A106 Or.
100 1 _aFlindt, Rainer
245 1 0 _aAmazing numbers in biology
260 _aBerlin :
_bSpringer-Verlag,
_cc2006
300 _axiv, 295 p. :
_bill. ;
_c24 cm
500 _a"Translation of the 6th German Edition of Biologie in Zahlen"--T.p. verso
650 0 _aBiology
856 4 0 _uhttp://rave.ohiolink.edu/ebooks/ebc/354030147X
942 _cEK
999 _c16765
_d16765